Christopher Lee's Resume - Statistics

General Stats
  • This quiz has been taken 4 times
  • The average score is 104 of 418
Answer Stats
Type Year Answer Role % Correct
Film 2001 The Lord of the Rings: The Fellowship of the Ring Saruman the White
100%
Video Game 2003 The Lord of the Rings: The Return of the King Voice of Saruman the White
100%
Film 2005 Charlie and the Chocolate Factory Dr. Wilbur Wonka
75%
Film 1958 Dracula Count Dracula
75%
Film 1965 She Billali
75%
Film 2002 Star Wars: Episode II - Attack of the Clones Count Dooku/Darth Tyranus
75%
Film 2005 Star Wars: Episode III - Revenge of the Sith Count Dooku/Darth Tyranus
75%
Film 2012 The Hobbit: An Unexpected Journey Saruman the White
75%
Film 1959 The Hound of the Baskervilles Sir Henry Baskerville
75%
Film 2002 The Lord of the Rings: The Two Towers Saruman the White
75%
Film 1974 The Man with the Golden Gun Francisco Scaramanga
75%
Film 2010 Alice in Wonderland Voice of the Jabberwocky
50%
Film 1948 Hamlet Spear Carrier (uncredited)
50%
Film 2011 Hugo Monsieur Labisse
50%
Film 1998 Jinnah Mohammed Ali Jinnah
50%
TV Series 1978 Saturday Night Live Host
50%
Film 1999 Sleepy Hollow The Burgomaster
50%
TV Miniseries 1997 Soul Music Voice of Death
50%
Scenes Deleted 2007 Sweeney Todd: The Demon Barber of Fleet Street The Gentleman Ghost (scenes deleted)
50%
Film 2014 The Hobbit: The Battle of the Five Armies Saruman the White
50%
Audio Recording 1995 The King and I King Mongkut of Siam (1994 Studio Cast)
50%
Film 1959 The Mummy Kharis
50%
Film 1973 The Three Musketeers Comte de Rochefort
50%
Film 1973 The Wicker Man Lord Summerisle
50%
TV Miniseries 1997 Wyrd Sisters Voice of Death
50%
Documentary 1996 100 Years of Horror Host
25%
Documentary 2007 100 Years Under the Sea: Shipwrecks of the Caribbean Narrator
25%
Film 1979 1941 Capt. Wolfgang von Kleinschmidt
25%
Documentary 1996 A Century of Science Fiction Narrator
25%
Film 1994 A Feast at Midnight Maj. V. E. Longfellow
25%
Audio Recording 2012 A Heavy Metal Christmas Christopher Lee
25%
Audio Recording 2013 A Heavy Metal Christmas Too Christopher Lee
25%
Film 1977 Airport '77 Martin Wallace
25%
Film 1976 Albino Bill
25%
Film 1956 Alexander the Great Dubbed Voice of Nectenabus (uncredited)
25%
Film 1955 Alias John Preston John Preston
25%
TV Movie 1996 Alisea and the Dream Prince Azaret
25%
Documentary 2007 Amazon Trek: In Search of Vanishing Secrets Narrator
25%
TV Series 1981 An Evening at the Improv Host
25%
Film 1981 An Eye for an Eye Morgan Canfield
25%
Film 2015 Angels in Notting Hill Voice of The Boss/Mr. President
25%
Audio Recording 1995 Annie Get Your Gun Chief Sitting Bull (1995 Studio Cast)
25%
Film 1979 Arabian Adventure Alquazar
25%
TV Miniseries 1989 Around the World in 80 Days Stuart
25%
Film 1948 A Song for Tomorrow Auguste
25%
TV Series 1956-1957 Assignment Foreign Legion El Abba; Rodin the Gardener
25%
Theatre 1948 As You Like It First Lord; Jacques de Boys
25%
Film 1958 A Tale of Two Cities Marquis St. Evremonde
25%
Audio Recording 2003 At Dawn in Rivendell The Tolkien Ensemble featuring Christopher Lee
25%
Film 1952 Babes in Bagdad Slave Dealer (uncredited)
25%
Film 1958 Battle of the V-1 Brunner
25%
Film 1979 Bear Island Lechinski
25%
Film 1960 Beat Girl Kenny King
25%
Video 1992 Beauty and the Beast Voice of Monsieur Renard
25%
Film 1956 Beyond Mombasa Gil Rossi
25%
Film 1957 Bitter Victory Sergeant Barney
25%
Film 2009 Boogie Woogie Alfred Rhinegold
25%
Film 2010 Burke & Hare Old Joseph
25%
Theatre 1947 By Candlelight Waiter
25%
TV Movie 1979 Captain America II: Death Too Soon Miguel
25%
Film 1951 Captain Horatio Hornblower Spanish Captain (uncredited)
25%
Film 1978 Caravans Sardar Khan
25%
Film 1964 Castle of the Living Dead Count Drago
25%
Film 1963 Challenge the Devil Mephistopheles
25%
Audio Recording 2010 Charlemagne: By the Sword and Cross Christopher Lee
25%
Audio Recording 2013 Charlemagne: The Omens of Death Christopher Lee
25%
TV Movie 1982 Charles & Diana: A Royal Love Story Prince Philip
25%
TV Series 1980 Charlie's Angels Dale Woodman
25%
TV Series 1956 Chevron Hall of Stars Governor
25%
Audio Book 2009 Christopher Lee Reads - Dracula Narrator
25%
Audio Book 2009 Christopher Lee Reads - Dr. Jekyll & Mr. Hyde Narrator
25%
Audio Book 2009 Christopher Lee Reads - Frankenstein Narrator
25%
Audio Book 2009 Christopher Lee Reads - The Hunchback of Notre Dame Narrator
25%
Audio Book 2009 Christopher Lee Reads - The Phantom of the Opera Narrator
25%
Radio 2004 Christopher Lee's Fireside Tales Host
25%
Audio Recording 1996 Christopher Lee Sings Devils, Rogues & Other Villains - From Broadway to Bayreuth and Beyond Christopher Lee
25%
Book 1975 Christopher Lee's 'X' Certificate Served as Editor
25%
Film 1978 Circle of Iron Zetan
25%
Film 1966 Circus of Fear Gregor
25%
TV Series 1954 Colonel March of Scotland Yard Jean-Pierre
25%
Video Game 2001 Conquest: Frontier Wars Voice of Anvil/Headquarters
25%
Film 1955 Contraband Spain Narrator (uncredited)
25%
Film 2005 Corpse Bride Voice of Pastor Galswells
25%
Film 1948 Corridor of Mirrors Charles
25%
Film 1958 Corridors of Blood Resurrection Joe
25%
Film 1970 Count Dracula Count Dracula
25%
Film 2004 Crimson Rivers 2: Angels of the Apocalypse Heinrich von Garten
25%
Short Film 1955 Cross-Roads Harry Cooper
25%
Film 1964 Crypt of the Vampire Count Ludwig Karnstein
25%
Film 1971 Cuadecuc, vampir Himself
25%
Film 1991 Curse III: Blood Sacrifice Dr. Pearson
25%
Audio Recording 2014 Darkest Carols, Faithful Sing Christopher Lee
25%
Film 1988 Dark Mission: Flowers of Evil Luis Morel
25%
Film 1974 Dark Places Dr. Ian Mandeville
25%
Film 2012 Dark Shadows Silas Clarney
25%
Film 1972 Death Line Stratton-Villiers, MI5
25%
Theatre 1948 Design for Living Henry Carver
25%
Film 1980 Desperate Moves Dr. Carl Boxer
25%
Film 1954 Destination Milan Svenson
25%
TV Movie 1993 Detonator Gen. Konstantin Benin
25%
Video Game 2015 Deus Ex Machina 2 Voice of the Programmer
25%
Documentary 2001 Devil's Island: Journey Into Jungle Alcatraz Narrator
25%
Film 1974 Diagnosis: Murder Dr. Stephen Hayward
25%
Radio 1950 Dick Barton - Special Agent Champ Rotherham
25%
TV Movie 1992 Double Vision Mr. Bernard
25%
TV Series 1953-1956 Douglas Fairbanks Jr. Presents Svenson; Franz; Junior Counsel; Matador; Radenko; Antonio; Carl; Maurice; Voice on Loudspeaker; Brackett; Tolsen; Official; Lieutenant Krainski; Makarenko; Luis; Felipe Nagy
25%
Film 1972 Dracula A.D. 1972 Count Dracula
25%
Film 1976 Dracula and Son Count Dracula
25%
Film 1968 Dracula Has Risen from the Grave Count Dracula
25%
Film 1966 Dracula: Prince of Darkness Count Dracula
25%
Film 1965 Dr. Terror's House of Horrors Franklyn Marsh
25%
Film 1977 End of the World Father Pergado; Zindar
25%
Documentary 1983 Errol Flynn: Portrait of a Swashbuckler Himself/Narrator
25%
Film 1970 Eugenie... the Story of Her Journey Into Perversion Dolmance
25%
Film 1968 Eve Colonel Stuart
25%
Video Game 2004 EverQuest II Voice of Lucan D'Lere
25%
TV Series 1984 Faerie Tale Theatre King Vladimir V
25%
TV Movie 1991 Fear in the Dark Narrator
25%
Film 1967 Five Golden Dragons Dragon #4
25%
Documentary 1994 Flesh and Blood: The Hammer Heritage of Horror Narrator
25%
Film 1957 Fortune is a Woman Charles Highbury
25%
Video Game 2003 Freelancer Unknown Voice
25%
Book 1976 From the Archives of Evil Served as Editor
25%
Film 1994 Funny Man Callum Chance
25%
Video Game 1994 Ghosts Dr. Marcus Grimalkin
25%
TV Miniseries 2000 Ghost Stories for Christmas M. R. James
25%
Film 2009 Glorious 39 Walter
25%
Video Game 2004 GoldenEye: Rogue Agent Voice of Francisco Scaramanga
25%
TV Miniseries 1981 Goliath Awaits John McKenzie
25%
TV Miniseries 2000 Gormenghast Flay
25%
Film 1990 Gremlins 2: The New Batch Dr. Catheter
25%
Audio Recording 1974 Hammer Presents Dracula Narrator
25%
Film 1971 Hannie Caulder Bailey
25%
Short Film 1952 Hans Christian Andersen Fairy Tales Unknown
25%
Film 1961 Hercules in the Haunted World King Lico
25%
Commercial 1989 Hero Quest Narrator
25%
Audio Recording 2015 Hollywood Vampires The Hollywood Vampires featuring Christopher Lee
25%
Video 1989 Honeymoon Academy Lazos
25%
Film 1972 Horror Express Prof. Sir Alexander Saxton
25%
Film 1983 House of the Long Shadows Corrigan
25%
Film 1985 Howling II: Your Sister is a Werewolf Stefan Crosscoe
25%
TV Series 1978 How the West Was Won Grand Duke Dmitri
25%
Film 1957 Ill Met By Moonlight German Officer at Dentist
25%
TV Series 1951 I Made News Commissaire de Police
25%
Film 1971 I, Monster Charles Marlowe/Edward Blake
25%
Film 1953 Innocents in Paris Lieutenant Whitlock (uncredited)
25%
Film 1974 In Search of Dracula Himself; Vlad Tepes; Count Dracula
25%
TV Miniseries 2000 In the Beginning Rameses I
25%
TV Series 1958 Ivanhoe Sir Otto of the Rhine
25%
TV Miniseries 1997 Ivanhoe Lucas de Beaumanoir
25%
Audio Book 2004 Ivanhoe Narrator
25%
Film 1992 Jackpot Cedric
25%
Film 1979 Jaguar Lives! Adam Caine
25%
Film 1986 Jocks President White
25%
Film 1991 Journey of Honor King Philip
25%
Film 1970 Julius Caesar Artemidorus
25%
TV Series 1946-1947 Kaleidoscope Word Play Participant
25%
Film 1976 Killer Force Major Chilton
25%
Video Game 2009 Kingdom Hearts: 358/2 Days Voice of DiZ
25%
Video Game 2005 Kingdom Hearts II Voice of DiZ/Ansem the Wise
25%
Video Game 2007 Kingdom Hearts II: Final Mix+ Voice of DiZ/Ansem the Wise
25%
Film 1990 L'avaro Cardinal Spinosi
25%
Audio Recording 2005 Leaving Rivendell The Tolkien Ensemble featuring Christopher Lee
25%
Film 1975 Le boucher, la star et l'orpheline Satanus/Van Krig
25%
Video Game 2014 LEGO The Hobbit Narrator; Voice of Saruman the White
25%
TV Series 2001 Les redoutables Death
25%
Radio 1968 Leviathan '99 Captain of the Cetus 7
25%
Theatre 1948 Libel Junior Counsel
25%
Audio Recording 1989 Little Witch Kathy Joe Daylor featuring Christopher Lee
25%
Book 2003 Lord of Misrule Author
25%
Ballet 2007 Magic of the Dance
25%
Film 1957 Manuela Dubbed Voice of Wellington Jones (uncredited)
25%
Film 1988 Mask of Murder Chief Superintendent Jonathan Rich
25%
TV Movie 1982 Massarati and the Brain Victor Leopold
25%
Film 1977 Meatcleaver Massacre On-screen Narrator
25%
Audio Recording 2014 Metal Knight Christopher Lee
25%
Film 1987 Mio in the Land of Faraway Kato
25%
Unfinished 1955 Moby Dick Rehearsed A Stage Manager; Flask
25%
TV Miniseries 1995 Moses Rameses II
25%
Film 1952 Moulin Rouge Georges Seurat (uncredited)
25%
Film 1953 Mr. Hulot's Holiday English Dubbing (uncredited)
25%
Short Documentary 2007 Mummies: Secrets of the Pharaohs Narrator
25%
Film 1989 Murder Story Willard Hope
25%
Scenes Deleted 1948 My Brother's Keeper Police Constable (scenes deleted)
25%
Radio 2009 Mystery Theater Host
25%
Documentary 2013 Necessary Evil: Super-Villains of DC Comics Narrator
25%
Radio 2013 Neverwhere The Earl
25%
Short Film 1983 New Magic Mr. Kellar
25%
Film 1967 Night of the Big Heat Godfrey Hanson
25%
Film 1989 Night of the Eagles Walter Strauss
25%
Film 2013 Night Train to Lisbon Father Bartolomeu
25%
Film 1973 Nothing But the Night Col. Charles Bingham
25%
Film 1979 Nutcracker Fantasy Voices of Uncle Drosselmeyer; Street Singer; The Puppeteer; The Watchmaker
25%
Film 1988 Olympus Force: The Key Filly
25%
TV Movie 1980 Once Upon a Spy Marcus Valorium
25%
Film 1970 One More Time Count Dracula (uncredited)
25%
Film 1948 One Night with You Pirelli's Assistant
25%
TV Series 1961 One Step Beyond Wilhelm Reitlinger
25%
TV Series 1973 Orson Welles' Great Mysteries Arnaud
25%
Music Video 1999 O Sole Mio - It's Now or Never Himself
25%
Audio Recording 1999 O Sole Mio - It's Now or Never Christopher Lee and Gary Curtis
25%
TV Series 1958 O.S.S. Dessinger
25%
Film 1952 Paul Temple Returns Sir Felix Raybourne
25%
Film 1948 Penny and the Pownall Case Jonathan Blair
25%
Audio Recording 1989 Peter and the Wolf Narrator
25%
Film 1994 Police Academy: Mission to Moscow Commandant Rakov
25%
Film 1955 Police Dog Constable Johnny
25%
TV Movie 1973 Poor Devil Lucifer
25%
TV Miniseries 2005 Pope John Paul II Cardinal Stefan Wyszynski
25%
Film 1956 Port Afrique Franz Vermes
25%
Film 1950 Prelude to Fame Newsman (uncredited)
25%
Film 1956 Private's Progress Major Schultz (uncredited)
25%
Short Film 2001 R2-D2: Behind the Dome Himself
25%
Film 1966 Rasputin: The Mad Monk Grigori Rasputin
25%
Book 1985 Realms of Darkness Wrote an Introduction
25%
Film 1978 Return from Witch Mountain Dr. Victor Gannon
25%
Audio Recording 2006 Revelation Christopher Lee
25%
Film 1982 Safari 3000 Count Lorenzo Borgia
25%
TV Series 1956 Sailor of Fortune Carnot; Yusif
25%
Scenes Deleted 1948 Saraband for Dead Lovers Baron von Wolfenbuttel (scenes deleted)
25%
Commercial 2002 Save the Children - Stolen Narrator
25%
Film 1970 Scars of Dracula Count Dracula
25%
Film 1948 Scott of the Antarctic Bernard Day
25%
Film 1970 Scream and Scream Again Fremont
25%
Film 1961 Scream of Fear Dr. Pierre Gerrard
25%
Film 2011 Season of the Witch Cardinal D'Ambroise
25%
Film 1962 Secret of the Red Orchid Captain Allerman
25%
TV Series 1988 Secret World Host
25%
Theatre 1949 See Naples and Die Angelo de Medici
25%
Film 1980 Serial Luckman/Skull
25%
TV Miniseries 1986 Shaka Zulu Lord Bathurst
25%
Music Video 2001 She'll Fall for Me Himself
25%
Audio Recording 2001 She'll Fall for Me Gary Curtis featuring Christopher Lee
25%
Film 1962 Sherlock Holmes and the Deadly Necklace Sherlock Holmes
25%
TV Movie 1991 Sherlock Holmes and the Leading Lady Sherlock Holmes
25%
TV Movie 1992 Sherlock Holmes: Incident at Victoria Falls Sherlock Holmes
25%
TV Series 1975 Space: 1999 Captain Zantor
25%
Film 1977 Starship Invasions Captain Ramses
25%
Film 2008 Star Wars: The Clone Wars Voice of Count Dooku/Darth Tyranus
25%
Film 1955 Storm Over the Nile Karaga Pasha
25%
Audio Book 2014 Strange Conflict Narrator
25%
TV Series 1995 Street Gear Nick Dupont
25%
TV Series 1997 Strictly Supernatural Narrator
25%
Radio 1950 Success to Seraphine! The Major
25%
Film 1998 Tale of the Mummy Sir Richard Turkel
25%
TV Series 1953-1955 Tales of Hans Anderson Narrator; Father; The Emperor of China; Old Man; Student; Olle
25%
TV Series 1995 Tales of Mystery and Imagination Host; Narrator; Prince Prospero
25%
TV Movie 1981 Tales of the Haunted Host
25%
TV Series 1959 Tales of the Vikings Lord Roderick
25%
Book 1977 Tall, Dark and Gruesome Author
25%
Film 1970 Taste the Blood of Dracula Count Dracula
25%
Film 1965 Ten Little Indians Voice of Mr. U. N. Owen (uncredited)
25%
Film 1955 That Lady Captain of the Guard
25%
TV Series 1956 The Adventures of Aggie Inspector John Hollis
25%
Film 2005 The Adventures of Greyfriars Bobby The Lord Provost
25%
TV Series 1955 The Adventures of the Scarlet Pimpernel Louis (uncredited)
25%
TV Series 1964 The Alfred Hitchcock Hour Karl Jorla
25%
TV Series 1971-1972 Theatre Macabre Host
25%
Film 1967 Theatre of Death Philippe Darvas
25%
TV Series 1967-1969 The Avengers Professor Stone; Colonel Mannering
25%
Film 1956 The Battle of the River Plate Manolo
25%
Unfinished 1984 The Bengal Lancers! Sir James Hunter
25%
Film 1968 The Blood of Fu Manchu Fu Manchu
25%
Film 1970 The Bloody Judge Judge Jeffries
25%
Music Video 2012 The Bloody Verdict of Verden Charlemagne's Ghost
25%
Film 1966 The Brides of Fu Manchu Fu Manchu
25%
TV Movie 1990 The Care of Time Karlis Zander
25%
Film 1969 The Castle of Fu Manchu Fu Manchu
25%
Audio Book 2007 The Children of Hurin Narrator
25%
Film 1960 The City of the Dead Prof. Alan Driscoll
25%
Film 1955 The Cockleshell Heroes Lt. Commander Greaves
25%
TV Miniseries 2008 The Color of Magic Voice of Death
25%
Theatre 1947 The Constant Nymph Roberto
25%
Film 1973 The Creeping Flesh James Hildern
25%
Film 1968 The Crimson Cult Morley
25%
Film 1952 The Crimson Pirate Joseph (uncredited)
25%
Film 1957 The Curse of Frankenstein The Creature
25%
Film 1955 The Dark Avenger French Patrol Captain at Tavern (uncredited)
25%
Film 1968 The Devil Rides Out Duc de Richleau
25%
Audio Book 2014 The Devil Rides Out Narrator
25%
Film 1962 The Devil's Agent Baron Ferdi von Staub
25%
Film 1961 The Devil's Daffodil Ling Chu
25%
Film 1963 The Devil-Ship Pirates Captain Robeles
25%
TV Movie 1986 The Disputation King James I of Aragon
25%
Audio Recording 2019 The Eighth Mountain Rhapsody of Fire featuring Christopher Lee
25%
TV Series 1956-1957 The Errol Flynn Theatre General Hamelin; Maurice Gabet; Comte de Merret; Visitant
25%
Audio Book 1994 The Exorcist Narrator
25%
Film 1965 The Face of Fu Manchu Fu Manchu
25%
TV Miniseries 1984 The Far Pavilions Kaka-ji Rao
25%
Theatre 1948 The Flat Next Door Unknown
25%
Audio Book 1987 The Fog Narrator
25%
Film 1974 The Four Musketeers Comte de Rochefort
25%
TV Miniseries 1989 The French Revolution Sanson
25%
TV Series 1957 The Gay Cavalier Colonel Jeffries
25%
Radio 1998 The Gemini Apes Drake
25%
Book 1971 The Ghouls Wrote an Afterword
25%
Film 1987 The Girl Peter Storm
25%
Film 2013 The Girl from Nagasaki Old Officer Pinkerton
25%
Audio Book 2006 The Golden Ball and Other Stories Narrator
25%
Film 2007 The Golden Compass First High Councilor
25%
Film 1964 The Gorgon Prof. Karl Meister
25%
Film 1960 The Hands of Orlac Nero
25%
Film 2009 The Heavy Mr. Mason
25%
Film 1971 The House That Dripped Blood John Reid
25%
Short Film 2017 The Hunting of the Snark Narrator
25%
Book 1975 The Illustrated Dracula Wrote an Introduction
25%
Film 1976 The Keeper The Keeper
25%
Audio Recording 1977 The King of Elfland's Daughter The King of Elfland/Narrator
25%
Film 1982 The Last Unicorn Voice of King Haggard
25%
Video Game 2004 The Lord of the Rings: The Battle for Middle-earth Voice of Saruman the White
25%
Video Game 2006 The Lord of the Rings: The Battle for Middle-earth II - Rise of the Witch-king Voice of Saruman the White
25%
Film 2003 The Lord of the Rings: The Return of the King (Extended Edition) Saruman the White
25%
Video Game 2004 The Lord of the Rings: The Third Age Voice of Saruman the White
25%
Book 2003 The Lord of the Rings: Weapons and Warfare Wrote a Foreword
25%
Film 1969 The Magic Christian Ship's Vampire
25%
Audio Recording 2005 The Magic of the Wizard's Dream Rhapsody featuring Christopher Lee
25%
Film 1959 The Man Who Could Cheat Death Dr. Pierre Gerrard
25%
Documentary 1996 The Many Faces of Christopher Lee Host/Himself
25%
Documentary 1985 The Many Faces of Sherlock Holmes Host
25%
Short Film 1954 The Mirror and Markheim Visitant
25%
Audio Recording 2002 The Musicality of Lerner and Loewe Various Artists including Christopher Lee
25%
TV Series 1997-1998 The New Adventures of Robin Hood Olwyn
25%
Short Film 2008 The Nightmare Before Christmas: The Original Poem Narrator
25%
Radio 1953 The Noble Spaniard Comte de Moret
25%
Film 1969 The Oblong Box Dr. J. Neuhartt
25%
TV Miniseries 1997 The Odyssey Tiresias
25%
Film 1979 The Passage The Gypsy
25%
Video 1990 The Phantom of the Opera On-screen VHS Introduction
25%
TV Movie 1978 The Pirate Samir Al Fay
25%
Film 1962 The Pirates of Blood River Captain LaRoche
25%
Film 1970 The Private Life of Sherlock Holmes Mycroft Holmes
25%
Film 1990 The Rainbow Thief Uncle Rudolf
25%
Film 2011 The Resident August
25%
Film 1982 The Return of Captain Invincible Mr. Midnight
25%
Film 1989 The Return of the Musketeers Rochefort
25%
Audio Recording 1995 The Rocky Horror Show The Narrator (1995 Studio Cast)
25%
Video Game 1999 The Rocky Interactive Horror Show The Narrator
25%
Film 1984 The Rosebud Beach Hotel Clifford King
25%
Film 1981 The Salamander Prince Baldasar
25%
Film 1973 The Satanic Rites of Dracula Count Dracula
25%
Theatre 1949 The Shop at Sly Corner Dr. Robert Graham
25%
Film 1965 The Skull Sir Matthew Phillips
25%
Audio Recording 1986 The Soldier's Tale Narrator; The Soldier; The Devil
25%
Film 1996 The Stupids Evil Sender
25%
Film 1961 The Terror of the Tongs Chung King
25%
TV Series ? The Time War Narrator
25%
TV Series 1995 The Tomorrow People Sam Rees/Rameses
25%
Film 1967 The Torture Chamber of Dr. Sadism Count Fredric Regulas
25%
Film 1957 The Traitor Dr. Neumann
25%
Film 1959 The Treasure of San Teresa Jaeger
25%
Film 1957 The Truth About Women Francois Thiers
25%
Film 1960 The Two Faces of Dr. Jekyll Paul Allen
25%
Film 1967 The Vengeance of Fu Manchu Fu Manchu
25%
Film 1963 The Virgin of Nuremberg Erich
25%
TV Series 1955 The Vise Larry Spence; Richard Martell; Edgar Brookes
25%
Film 1963 The Whip and the Body Kurt Menliff
25%
Film 2011 The Wicker Tree Old Gentleman
25%
Theatre 1955 The Wind and the Rain Unknown
25%
Theatre 1949 The Wishing Well John Pugh
25%
TV Series 1992 The Young Indiana Jones Chronicles Count Ottokar Graf Czernin
25%
Film 1950 They Were Not Divided Chris Lewis
25%
Film 1960 Too Hot to Handle Novak
25%
Film 1952 Top Secret Russian Agent (uncredited)
25%
Film 1976 To the Devil a Daughter Father Michael Raynor
25%
TV Movie 1990 Treasure Island Blind Pew
25%
Film 2009 Triage Joaquin Morales
25%
Radio 1952 Triple Bill Pedro
25%
Film 1949 Trottie True Hon. Bongo Icklesham (uncredited)
25%
Film 1972 Umbracle The Man
25%
Film 1959 Uncle Was a Vampire Baron Roderico da Frankurten
25%
Film 1986 Valhalla Voice of Thor (German Version)
25%
Film 1951 Valley of Eagles Detective Holt (uncredited)
25%
Short Documentary 1967 Victims of Vesuvius On-screen Narrator
25%
Audio Recording 1998 Wanderin' Star Christopher Lee featuring Gary Curtis
25%
Short Film 1996 Welcome to the Discworld Voice of Death
25%
Documentary 2003 Whales of Atlantis: In Search of Moby Dick Narrator
25%
TV Series 1958 White Hunter Mark Caldwell
25%
TV Series 1959 William Tell Prince Erik
25%
TV Movie 1983 Witness the Impossible Host
25%
Audio Book 1991 A Game for Heroes Narrator
0%
Audio Recording 2010 Battle Hymns MMXI Manowar featuring Christopher Lee
0%
Audio Book 1979 Christopher Lee Reads Edgar Allan Poe - Tales of Horror Narrator
0%
Audio Book 1981 Christopher Lee Reads Tales of Mystery and Horror Narrator
0%
Book 1974 Christopher Lee's New Chamber of Horrors Wrote an Introduction
0%
Book 1966 Christopher Lee's Treasury of Terror Wrote an Introduction
0%
Audio Book 1995 Classic Tales of the Supernatural Narrator
0%
TV Series 2000 Death of an Empire Narrator
0%
Audio Book 2003 Double Sin and Other Stories Narrator
0%
Audio Book 1966 Dracula (An Adaptation with Music and Sound of the Original Classic Story) Narrator
0%
Audio Recording 2006 Edgar Allan Poe Projeckt - Visionen Various Artists featuring Christopher Lee
0%
TV Movie 2003 Essential Poems (To Fall in Love With) Narrator
0%
Film 2013 Extraordinary Tales Narrator
0%
Audio Recording 2011 From Chaos to Eternity Rhapsody of Fire featuring Christopher Lee
0%
Documentary 1991 Ghosts: A Journey Into the Paranormal Narrator
0%
Radio 1952 Henry of Navarre The Presenter
0%
Book 1979 Lurking Shadows Wrote an Introduction
0%
Book 1990 Midnight Tales Wrote a Foreword
0%
Book 1976 More of Christopher Lee's New Chamber of Horrors Wrote an Introduction
0%
TV Movie 1977 Mysteries of the Unknown: The Occult Narrator
0%
TV Series 2001 Once Upon a Time in Europe Host
0%
Radio 1952 Passport to Pimlico Sebastien, Duke of Burgundy
0%
Audio Recording 2004 Symphony of Enchanted Lands II - The Dark Secret Rhapsody featuring Christopher Lee
0%
Documentary 2007 Tasmanian Devil: The Fast and Furious Life of Errol Flynn
0%
Audio Book 2000 The Adventure of the Lion's Mane and Other Stories Narrator
0%
Audio Book 1998 The Adventure of the Sussex Vampire and Other Stories Narrator
0%
Audio Book 1994 The Casebook of Sherlock Holmes Narrator
0%
Audio Recording 2010 The Cold Embrace of Fear - A Dark Romantic Symphony Rhapsody of Fire featuring Christopher Lee
0%
Audio Recording 2010 The Frozen Tears of Angels Rhapsody of Fire featuring Christopher Lee
0%
Book 1993 The Giant Book of Ghost Stories Wrote a Preface
0%
Book 1978 The Great Villains: An Omnibus of Evil Wrote an Introduction
0%
Audio Book 1994 The Hound of Death Narrator
0%
Audio Book 1991 The Valley of Fear Narrator
0%
Audio Book 2004 The Witness for the Prosecution and Other Stories Narrator
0%
Audio Book 1996 To Catch a King Narrator
0%
Audio Recording 2006 Triumph or Agony Rhapsody of Fire featuring Christopher Lee
0%
TV Miniseries 1986 Un metier de seigneur Fog
0%
Audio Recording 2007 Visions from the Enchanted Lands Rhapsody of Fire featuring Christopher Lee
0%
Radio 1955 When the Wind Blows Kravic
0%
No matching quizzes found
Score Distribution
Percent of People with Each Score
Percentile by Number Answered
Your Score History
You have not taken this quiz